[Event "Ch Lithuania"]
[Site "masterchessopen.com - Vilnius (Lithuania)"]
[Round "0"]
[White "Sulskis Sarunas (LTU)"]
[Black "Zukauskas Kestutis (LTU)"]
[Result "1-0"]
[WhiteElo "2521"]
[BlackElo "2281"]

1.d4 Nf6 2.c4 c5 3.d5 e6 4.Nc3 exd5 5.cxd5 d6 6.e4 g6 7.Nf3 Bg7 8.Be2 O-O
9.O-O Re8 10.Nd2 Nbd7 11.Qc2 a6 12.a4 Nh5 13.Ra3 Nf4 14.Bd1 Ne5 15.g3 Nfd3
16.Na2 Nxc1 17.Nxc1 Bh3 18.Re1 b5 19.Be2 c4 20.Bf1 Bxf1 21.Kxf1 b4 22.Rae3 Rc8
23.Kg2 Ng4 24.R3e2 Qc7 25.b3 cxb3 26.Qxb3 a5 27.Qd1 Qb6 28.Ncb3 Ne5 29.Re3 Rc3
30.Qe2 Rec8 31.f4 Nd7 32.Qf3 Bd4 33.Nxd4 Qxd4 34.Nb3 Rxb3 35.Rxb3 Rc2+ 36.Re2
Rxe2+ 37.Qxe2 Nc5 38.Rb1 Qxe4+ 39.Qxe4 Nxe4 40.Re1 f5 41.Kf3 Kf7 42.Ke3 Nc3
43.Kd4 Nxa4 44.Ra1 b3 45.Ra3 b2 46.Rb3 Kf6 47.h4 h6 48.Rb7 g5 49.h5 Nc5
50.Rxb2 Ne4 51.Rb3 g4 52.Ra3 Ke7 53.Kc4 Nf6 54.Rxa5 Nxh5 55.Ra7+ Ke8 56.Ra3
Nf6 57.Kb5 Ne4 58.Kc6 Kf7 59.Kd7 h5 60.Ra8 Nxg3 61.Kxd6 Ne2 62.Ke5 g3 63.Ra7+
Kf8 64.Kf6 {#r} 1-0

[Event "It (open)"]
[Site "masterchessopen.com - St. Ingbert (Germany)"]
[Date "1999.08.03"]
[Round "5"]
[White "Hammes Michael (GER)"]
[Black "Kekelidze Mikheil (GEO)"]
[Result "0-1"]
[WhiteElo "2360"]
[BlackElo "2446"]

1.d4 Nf6 2.c4 c5 3.d5 e6 4.Nc3 exd5 5.cxd5 d6 6.e4 g6 7.Nf3 Bg7 8.Be2 O-O
9.O-O Re8 10.Nd2 Nbd7 11.Qc2 a6 12.a4 Ne5 13.f3 Nh5 14.Re1 Qh4 15.Rd1 Nd3
16.Qxd3 Bd4+ 17.Qxd4 cxd4 18.Ncb1 f5 19.Nf1 fxe4 20.Rxd4 Qf6 21.Rxe4 Bf5
22.Rxe8+ Rxe8 23.Nc3 Qd4+ {#R} 0-1

[Event "Cup Tenkes (open)"]
[Site "masterchessopen.com - Harkany (Hungary)"]
[Date "1999.11.27"]
[Round "6"]
[White "Ivan Zoltan (HUN)"]
[Black "Zilahi Gabor (HUN)"]
[Result "1-0"]
[WhiteElo "2200"]
[BlackElo "2071"]

1.d4 Nf6 2.c4 c5 3.d5 e6 4.Nc3 exd5 5.cxd5 d6 6.e4 g6 7.Nf3 Bg7 8.Be2 O-O
9.O-O Re8 10.Nd2 a6 11.a4 Nbd7 12.h3 Rb8 13.a5 b5 14.axb6 Nxb6 15.Ra3 c4
16.Nxc4 Nxe4 17.Nxe4 Rxe4 18.Na5 Qe8 19.Bd3 Rh4 20.Re1 Qf8 21.Nc6 Ra8 22.Bg5
Rh5 23.Be7 Qe8 24.Bd8 Be6 25.Ne7+ Kh8 26.Bxb6 Qxe7 27.dxe6 fxe6 28.Be4 Rf8
29.Rxa6 Rb5 30.Bd4 e5 31.Bc3 d5 32.Bxd5 Rd8 33.Ra8 {#r} 1-0

[Event "Ch Pireus"]
[Site "masterchessopen.com - Pireus (Greece)"]
[Round "5"]
[White "Efstathiou Damianos (GRE)"]
[Black "Petraki Maria (GRE)"]
[Result "1-0"]
[WhiteElo "2177"]
[BlackElo "2123"]

1.d4 Nf6 2.Nf3 c5 3.d5 d6 4.c4 e6 5.Nc3 exd5 6.cxd5 g6 7.e4 Bg7 8.Be2 O-O
9.O-O Re8 10.Nd2 a6 11.a4 Nbd7 12.Re1 Ne5 13.Nf1 Rb8 14.h3 Qa5 15.Ra3 Qc7
16.a5 b5 17.axb6 Rxb6 18.f4 Ned7 19.Bc4 Rb4 20.Qd3 Nb6 21.b3 Nxc4 22.bxc4 Nd7
23.e5 dxe5 24.f5 Nb6 25.Ne3 e4 26.Nxe4 gxf5 27.Nxf5 Bxf5 28.Nf6+ Bxf6 29.Rxe8+
Kg7 30.Qxf5 Bd4+ 31.Kh1 Qd6 32.Qg5+ Qg6 33.Qe7 h5 34.Rf3 Bf6 35.Qf8+ Kh7
36.Rxf6 {#r} 1-0

[Event "Cup Borostyan"]
[Site "masterchessopen.com - Ajka (Hungary)"]
[Round "0"]
[White "Keresztes Richard (HUN)"]
[Black "Szabo Zsolt Jozsef (HUN)"]
[Result "0-1"]
[WhiteElo "2092"]
[BlackElo "2458"]

1.d4 Nf6 2.Nf3 e6 3.c4 c5 4.d5 exd5 5.cxd5 d6 6.Nc3 g6 7.Nd2 Bg7 8.e4 O-O
9.Be2 Re8 10.O-O b6 11.Qc2 Ba6 12.Bc4 Qd7 13.a4 Bxc4 14.Nxc4 Na6 15.f3 Nb4
16.Qd1 Red8 17.Nb5 Ne8 18.Bf4 Qe7 19.Qd2 a6 20.Nc3 Qb7 21.a5 b5 22.Nb6 Ra7
23.Rad1 Qc7 24.Rfe1 c4 25.Be3 Nd3 26.Rf1 Nc5 27.Qf2 Nd3 28.Qd2 Rb7 29.Rb1 Nc5
30.Ne2 Nb3 31.Qb4 Nf6 32.Rfd1 Re8 33.Nd4 Nc5 34.Nc6 Nxd5 35.exd5 Rxe3 36.Qd2
Bh6 37.Re1 Rxe1+ 38.Qxe1 Nd3 39.Qe8+ Kg7 40.g3 Rxb6 41.axb6 Qxb6+ 42.Kh1 Qf2
43.Qe4 Be3 44.f4 Qc2 45.Qxe3 Qxb1+ 46.Kg2 Qxb2+ 47.Kh3 Nf2+ {#R} 0-1

[Event "Ch Slovakia (juniors) (under 20)"]
[Site "masterchessopen.com - Bratislava (Slovakia)"]
[Round "1"]
[White "Markos Jan (SVK)"]
[Black "Flasik Radoslav (SVK)"]
[Result "1-0"]
[WhiteElo "2327"]
[BlackElo "2227"]

1.d4 Nf6 2.c4 c5 3.d5 d6 4.Nc3 g6 5.e4 Bg7 6.Be2 O-O 7.Nf3 e6 8.O-O exd5
9.cxd5 Re8 10.Nd2 b6 11.f3 Ba6 12.Bxa6 Nxa6 13.Nc4 Nc7 14.Bf4 Bf8 15.a4 h6
16.Qd2 Kh7 17.g4 Rb8 18.h3 Qd7 19.e5 Ng8 20.exd6 {#r} 1-0

[Event "It (open)"]
[Site "masterchessopen.com - Deizisau (Germany)"]
[Round "3"]
[White "Bu Xiangzhi (CHN)"]
[Black "Kekelidze Mikheil (GEO)"]
[Result "1-0"]
[WhiteElo "2570"]
[BlackElo "2511"]

1.d4 Nf6 2.c4 c5 3.d5 d6 4.Nc3 g6 5.e4 Bg7 6.Nf3 O-O 7.Be2 e6 8.O-O exd5
9.cxd5 Re8 10.Nd2 Nbd7 11.Qc2 Ne5 12.h3 g5 13.Re1 g4 14.hxg4 Nfxg4 15.Nf1 Qh4
16.Bxg4 Bxg4 17.Re3 Ng6 18.f3 Bd7 19.Ne2 Re5 20.Bd2 Rh5 21.Nfg3 Qh2+ 22.Kf2
Nh4 23.Rg1 Rg5 24.f4 Rg6 25.e5 Re8 26.Bc3 Bh3 27.Qa4 b5 28.Qxb5 Rf8 29.e6 fxe6
30.dxe6 Nxg2 31.Rh1 Nxf4+ 32.Ke1 Qf2+ 33.Kxf2 Nd3+ 34.Kg1 Rf1+ 35.Kh2 Rf2+
36.Kxh3 Rh6+ 37.Nh5 Rxh5+ 38.Kg4 Rxh1 39.Qxd3 h5+ 40.Kg5 {#r} 1-0

[Event "It (open)"]
[Site "masterchessopen.com - Deurne (Belgium)"]
[Round "4"]
[White "Van Der Stricht Geert (BEL)"]
[Black "Dardha Arben (ALB)"]
[Result "0-1"]
[WhiteElo "2369"]
[BlackElo "2239"]

1.d4 Nf6 2.c4 c5 3.d5 g6 4.Nc3 d6 5.e4 Bg7 6.Nf3 O-O 7.Be2 e6 8.O-O exd5
9.cxd5 Re8 10.Nd2 a6 11.a4 Nbd7 12.Re1 Rb8 13.Qc2 Qc7 14.a5 b5 15.axb6 Nxb6
16.Nb3 Nfd7 17.Na5 Ra8 18.h3 Nf8 19.Bf4 Bd7 20.Bc4 h6 21.h4 Nh7 22.Qd2 g5
23.hxg5 hxg5 24.Bg3 Be5 25.Bxe5 Rxe5 26.Re3 Kh8 27.Bd3 Rg8 28.Bxa6 g4 29.Rg3
Rh5 30.Be2 Qd8 31.f4 Rh1+ 32.Kxh1 Qh4+ 33.Kg1 Qxg3 34.Bf1 Qh4 35.g3 Qxg3+
36.Bg2 Qh4 37.Qe3 g3 38.Nc6 Nc4 39.Qd3 Qh2+ {#R} 0-1

[Event "Ch Finland (team) 2000/01"]
[Site "masterchessopen.com - Finland"]
[Round "1"]
[White "Tuominen Risto (FIN)"]
[Black "Lahtinen Markku (FIN)"]
[Result "0-1"]
[WhiteElo "2188"]
[BlackElo "2231"]

1.d4 Nf6 2.c4 e6 3.Nf3 c5 4.d5 exd5 5.cxd5 g6 6.Nc3 d6 7.e4 Bg7 8.Be2 O-O
9.O-O Re8 10.Nd2 Nbd7 11.f3 Ne5 12.Nc4 Nxc4 13.Bxc4 a6 14.a4 Nd7 15.f4 Nf6
16.Qf3 Ng4 17.g3 f5 18.h3 Nf6 19.e5 dxe5 20.fxe5 Rxe5 21.Bf4 Re8 22.Bc7 Qd7
23.d6+ Kh8 24.a5 Ne4 25.Nxe4 fxe4 26.Qf7 Bd4+ 27.Rf2 Qxf7 28.Bxf7 Rf8 29.Kg2
Kg7 30.Rf4 Rxf7 31.Rxf7+ Kxf7 32.Rf1+ Ke8 33.Rf4 Be6 34.Rxe4 Kd7 35.Re2 Rf8
36.g4 Bd5+ 37.Kg3 Rf3+ 38.Kh4 g5+ 39.Kh5 Be3 40.Kh6 Rxh3+ {#R} 0-1

[Event "Bundesliga 1999/00 (w)"]
[Site "masterchessopen.com - Germany"]
[Round "6"]
[White "Vidonyak Nellya (GER)"]
[Black "Hausmann Ilka (GER)"]
[Result "1-0"]
[WhiteElo "2253"]
[BlackElo "2131"]

1.d4 Nf6 2.Nf3 c5 3.d5 e6 4.c4 exd5 5.cxd5 d6 6.Nc3 g6 7.e4 Bg7 8.Nd2 O-O
9.Be2 Re8 10.O-O b6 11.f3 Ba6 12.Bxa6 Nxa6 13.Nc4 Nc7 14.a4 Bf8 15.Bg5 h6
16.Bh4 g5 17.Bg3 Nh5 18.Bf2 Nf4 19.Be3 Ng6 20.f4 Bg7 21.fxg5 hxg5 22.Qf3 Rf8
23.Qg3 Ne5 24.Bxg5 Qd7 25.Nxe5 Bxe5 26.Bf4+ Bg7 27.Bxd6 Rfc8 28.Be5 Ne8
29.Bxg7 Nxg7 30.e5 Re8 31.Ne4 {#r} 1-0

[Event "Ch Hungary (team) 1999/00 (2 liga)"]
[Site "masterchessopen.com - Hungary"]
[Round "8"]
[White "Ladanyi Tibor (HUN)"]
[Black "Hever Miklos (HUN)"]
[Result "1-0"]
[WhiteElo "2265"]
[BlackElo "2243"]

1.d4 Nf6 2.c4 c5 3.d5 e6 4.Nc3 exd5 5.cxd5 d6 6.Nf3 g6 7.e4 Bg7 8.Nd2 O-O
9.Be2 Re8 10.O-O a6 11.a4 Nbd7 12.h3 g5 13.Nc4 Nxe4 14.Nxe4 Rxe4 15.Nxd6 Rd4
16.Qb3 Rb4 17.Qc2 Nb6 18.Qxc5 Rd4 19.Bh5 Nd7 20.Bxf7+ Kh8 21.Be6 Nxc5 22.Nf7+
Kg8 23.Nxd8+ Bxe6 24.Nxe6 Nxe6 25.dxe6 Re4 26.Bxg5 Rxe6 27.Rab1 Rc8 28.Be3 Re4
29.b3 Rb4 30.Rfc1 Rd8 31.Rc4 a5 32.Rxb4 axb4 33.Kf1 Rd3 34.Ke2 Rc3 35.Bd2 Rc2
36.Kd3 Ra2 37.g4 Bc3 38.Bxc3 bxc3 39.Kxc3 Rxf2 40.Rd1 {#r} 1-0

[Event "Oz.com qualifier (blitz)"]
[Site "masterchessopen.com - Internet"]
[Round "5"]
[White "Sorkin Igor (ISR)"]
[Black "Johnson Ben (USA)"]
[Result "1-0"]
[WhiteElo "2339"]
[BlackElo "2185"]

1.d4 Nf6 2.c4 e6 3.Nf3 c5 4.d5 exd5 5.cxd5 d6 6.Nc3 g6 7.e4 Bg7 8.Be2 O-O
9.Nd2 Re8 10.O-O Nbd7 11.a4 a6 12.Qc2 Ne5 13.h3 g5 14.Nc4 Nxc4 15.Bxc4 h6
16.f4 Nh5 17.e5 dxe5 18.fxg5 hxg5 19.Ne4 Nf4 20.Nxc5 b6 21.Nd3 Bf5 22.Qb3 Bxd3
23.Bxd3 Qxd5 24.Qxd5 Nxd5 25.Be4 Rad8 26.Bxg5 f6 27.Bd2 Kf7 28.Rac1 Bf8 29.Rc6
Re6 30.Bg6+ Ke7 31.Rc4 Kd7 32.Bf5 Bc5+ 33.Kh2 Ke7 34.Rh4 Kf7 35.Rh7+ {#r} 1-0

[Event "It (open)"]
[Site "masterchessopen.com - Jyvaskyla (Finland)"]
[Round "6"]
[White "Tolonen Leo (FIN)"]
[Black "Luukkonen Tommi (FIN)"]
[Result "1-0"]
[WhiteElo "2344"]
[BlackElo "2149"]

1.Nf3 g6 2.d4 Bg7 3.c4 Nf6 4.Nc3 c5 5.d5 d6 6.e4 O-O 7.Be2 e6 8.O-O exd5
9.cxd5 Re8 10.Nd2 a6 11.a4 Nbd7 12.h3 g5 13.Qc2 Ne5 14.Nc4 Nxc4 15.Bxc4 Nh5
16.Be2 Nf4 17.Bxf4 gxf4 18.a5 Qh4 19.Na4 Re5 20.Ra3 Rg5 21.Kh1 Bd4 22.Rf3 b5
23.axb6 Kh8 24.b4 Bb7 25.bxc5 dxc5 26.Qd2 Rxg2 27.Kxg2 Rg8+ 28.Kh1 Qg5 29.Rg3
fxg3 30.Qxg5 Rxg5 31.fxg3 Kg7 32.g4 Re5 33.Bf3 Kf6 34.Rc1 Re8 35.d6 Re5 36.Rd1
Bc6 37.d7 Ke7 38.Nxc5 Rxc5 39.Rxd4 Bxd7 40.Rb4 Rc8 41.e5 Rb8 42.b7 a5 43.Rb6
a4 44.Ra6 Kd8 45.Kg2 Kc7 46.Kf2 Re8 47.Ra8 a3 48.Bd5 a2 49.Rxa2 Rxe5 50.Ra8
Re8 51.Bxf7 Kxb7 {#r} 1-0

[Event "It (open)"]
[Site "masterchessopen.com - Lugano (Switzerland)"]
[Round "2"]
[White "Farago Ivan (HUN)"]
[Black "Giacopelli Vincenzo (ITA)"]
[Result "1-0"]
[WhiteElo "2486"]
[BlackElo "2141"]

1.d4 Nf6 2.c4 c5 3.d5 e6 4.Nc3 exd5 5.cxd5 d6 6.Nf3 g6 7.Nd2 Bg7 8.e4 O-O
9.Be2 Re8 10.O-O Nbd7 11.a4 Ne5 12.Ra3 g5 13.Qc2 g4 14.Nd1 Nh5 15.Ne3 Nf4
16.Bb5 Rf8 17.g3 Nh3+ 18.Kh1 Qf6 19.Be2 Ng5 20.Nec4 Qg6 21.Ne3 Qf6 22.Ndc4
Nef3 23.Nxg4 Bxg4 24.Bxg5 Nxg5 25.Bxg4 Rfe8 26.Bf5 h5 27.f4 Nh7 28.Bxh7+ {#r}
1-0

[Event "Cup Russia (open)"]
[Site "masterchessopen.com - Moscow (Russia)"]
[Round "9"]
[White "Reshetnikov Evgeny (RUS)"]
[Black "Kremenietsky Anatoly M (RUS)"]
[Result "1-0"]
[WhiteElo "2239"]
[BlackElo "2387"]

1.d4 Nf6 2.c4 c5 3.d5 e6 4.Nc3 exd5 5.cxd5 d6 6.e4 g6 7.Nf3 Bg7 8.Be2 O-O
9.O-O Re8 10.Nd2 Nbd7 11.Re1 a6 12.a4 Rb8 13.a5 b5 14.axb6 Nxb6 15.Ra3 Ra8
16.Bf1 Qe7 17.Nc4 Nxc4 18.Bxc4 Ng4 19.h3 Ne5 20.Bf1 g5 21.f4 gxf4 22.Bxf4 Ng6
23.Bg3 Be5 24.Bxe5 Qxe5 25.Qa1 Kh8 26.Bxa6 Bxh3 27.Bf1 Rxa3 28.bxa3 Bd7 29.a4
Qd4+ 30.Kh1 Re5 31.Be2 Nf4 32.Bf3 Nxg2 33.Kxg2 Rg5+ 34.Kh1 Rg3 35.Ne2 Qxa1
36.Rxa1 Rxf3 37.a5 Bb5 38.a6 Bxa6 39.Rxa6 Re3 40.Ra2 Rxe4 41.Kg2 Kg7 42.Kf3
Re5 43.Nf4 Kf8 44.Ra8+ Re8 45.Ra6 Ke7 46.Nh5 Rd8 47.Ke4 Rd7 48.Ng7 Kf6 49.Nf5
Kg5 50.Nxd6 h5 51.Nf5 h4 52.Ra1 h3 53.Rh1 Rd8 54.Ne3 Re8+ 55.Kf3 Rh8 56.Rg1+
Kf6 57.Ng4+ Ke7 58.Kg3 Kd6 59.Rd1 c4 60.Nf2 h2 61.Kg2 f5 62.Nh3 h1=Q+ 63.Rxh1
Rg8+ 64.Kf3 Kxd5 65.Rd1+ Kc6 66.Nf2 {#r} 1-0

[Event "Ch India"]
[Site "masterchessopen.com - Mumbai (India)"]
[Round "18"]
[White "Ravi Lanka (IND)"]
[Black "Saravanan V (IND)"]
[Result "0-1"]
[WhiteElo "2371"]
[BlackElo "1958"]

1.d4 g6 2.e4 Bg7 3.c4 c5 4.d5 d6 5.Nc3 e6 6.Nf3 exd5 7.cxd5 Nf6 8.Be2 O-O
9.O-O Re8 10.Nd2 Nbd7 11.a4 g5 12.Nc4 Nxe4 13.Nxe4 Rxe4 14.Bd3 Rd4 15.Be3 Rxc4
16.Bxc4 Bxb2 17.Ra2 Bg7 18.f4 gxf4 19.Bxf4 Ne5 20.Bxe5 Bxe5 21.Qh5 Qe7 22.Re2
f6 23.Bd3 Bd7 24.Bf5 Kh8 25.Re4 Rg8 26.Qe2 Rg5 27.Bxd7 Qxd7 28.Kh1 Qf7 29.Rd1
Qg7 30.Rh4 b6 31.g3 Bd4 32.Qe8+ Qg8 33.Qe4 Re5 34.Qf3 Qxd5 35.Qxd5 Rxd5 36.Kg2
Re5 37.Rd2 a6 38.Kf3 d5 39.Rf4 Be3 40.Rd3 Bxf4 41.gxf4 Re4 42.Rxd5 Rd4 43.Rf5
Kg7 44.a5 b5 45.Rxc5 Ra4 46.Kg4 Kg6 47.h4 f5+ 48.Kf3 Ra3+ 49.Ke2 Rxa5 50.h5+
Kxh5 51.Rxf5+ Kg4 52.Rg5+ Kxf4 53.Rh5 Ke4 54.Kd2 Kd4 55.Kc2 Ra3 56.Rxh7 Re3
57.Ra7 Re6 58.Ra8 Kc5 59.Kb3 Re3+ 60.Kb2 Kb6 61.Rh8 Ka5 62.Rh4 b4 63.Rh6 Kb5
64.Rg6 Re5 65.Rg2 a5 66.Rh2 Rd5 67.Rg2 a4 68.Rg3 Rd2+ {#R} 0-1

[Event "It (cat.8)"]
[Site "masterchessopen.com - Rovno (Ukraine)"]
[Round "12"]
[White "Rakhmangulov Andrei (UKR)"]
[Black "Smetankin Stanislav (BLR)"]
[Result "0-1"]
[WhiteElo "2401"]
[BlackElo "2416"]

1.d4 Nf6 2.Nf3 c5 3.d5 e6 4.c4 exd5 5.cxd5 g6 6.Nc3 d6 7.e4 Bg7 8.Be2 O-O
9.O-O Re8 10.Nd2 a6 11.a4 Nbd7 12.Qc2 Ne5 13.f4 Neg4 14.Nc4 Nxe4 15.Nxe4 Bd4+
16.Nf2 Bf5 17.Qd2 Rxe2 18.Qxe2 Qh4 19.h3 Nxf2 20.Rxf2 Bd3 21.Qe1 Bxc4 22.Be3
Re8 23.Ra3 Qg3 {#R} 0-1

[Event "It (open)"]
[Site "masterchessopen.com - Viareggio (Italy)"]
[Date "2000.02.25"]
[Round "1"]
[White "Miladinovic Igor (SRB)"]
[Black "Binelli Lorenzo"]
[Result "1-0"]
[WhiteElo "2563"]
[BlackElo "1665"]

1.d4 Nf6 2.c4 c5 3.d5 e6 4.Nc3 exd5 5.cxd5 d6 6.e4 g6 7.Be2 Bg7 8.Nf3 O-O
9.Nd2 Re8 10.O-O a6 11.a4 b6 12.f4 Bb7 13.Bf3 Qd7 14.Nc4 b5 15.Nb6 Qc7 16.Nxa8
Bxa8 17.axb5 a5 18.Qa4 c4 19.Qxa5 Qc5+ 20.Kh1 Nbd7 21.Qa3 Bb7 22.Qxc5 Nxc5
23.Ra7 Rb8 24.e5 dxe5 25.fxe5 Nfd7 26.e6 fxe6 27.dxe6 Bxf3 28.exd7 Bb7 29.Bf4
Rd8 30.Bd6 Ne4 31.Nxe4 Bxe4 32.Be7 {#r} 1-0

[Event "Bayern Regionalliga Southeast 2000/01"]
[Site "masterchessopen.com - Bayern (Germany)"]
[Round "9"]
[White "Lautner Josef (AUT)"]
[Black "Fischer Michael (GER)"]
[Result "1-0"]
[WhiteElo "2182"]
[BlackElo "2074"]

1.d4 Nf6 2.c4 e6 3.Nf3 c5 4.d5 exd5 5.cxd5 d6 6.Nc3 g6 7.e4 Bg7 8.Nd2 O-O
9.Be2 Re8 10.O-O a6 11.a4 Nbd7 12.Qc2 Qc7 13.Kh1 Rb8 14.Ra3 Nb6 15.a5 Nbd7
16.Nc4 b5 17.axb6 Nxb6 18.Na5 Ra8 19.Bg5 Bd7 20.f4 c4 21.Bf3 Ng4 22.Qd2 Qc5
23.Bxg4 Bxg4 24.Nc6 Nd7 25.h3 h6 26.Bh4 Bxc3 27.Rxc3 Bh5 28.g4 Bxg4 29.hxg4
Rxe4 30.Rh3 Rae8 31.Re1 Rxe1+ 32.Bxe1 Rxe1+ 33.Qxe1 Qxd5+ 34.Kh2 Qxc6 35.Qe8+
Kg7 36.Rxh6 {#r} 1-0

[Event "It (open)"]
[Site "masterchessopen.com - Bizovac (Croatia)"]
[Round "5"]
[White "Begic Senad (BIH)"]
[Black "Topalovic Zlatko (CRO)"]
[Result "0-1"]
[WhiteElo "2342"]
[BlackElo "2251"]

1.d4 Nf6 2.c4 c5 3.d5 e6 4.Nc3 exd5 5.cxd5 d6 6.Nf3 g6 7.e4 Bg7 8.Nd2 O-O
9.Be2 Re8 10.O-O Nbd7 11.Qc2 Ne5 12.h3 g5 13.Nf3 Nxf3+ 14.Bxf3 Nd7 15.g3 Ne5
16.Bg2 a6 17.a4 Bd7 18.Kh2 Qe7 19.f4 gxf4 20.gxf4 Ng6 21.e5 dxe5 22.f5 Nf4
23.Be4 Qh4 24.Rf3 Kh8 25.Bxf4 exf4 26.Rg1 Be5 27.Rg4 Qh6 28.Nd1 Rac8 29.Nf2 c4
30.Rg2 Qd6 31.Rg5 f6 32.Rh5 b5 33.axb5 axb5 34.Ng4 Ra8 35.Nh6 Re7 36.Qg2 Rg7
{#R} 0-1

[Event "Ch Hungary (team) 2000/01 (3 liga)"]
[Site "masterchessopen.com - Hungary"]
[Round "8"]
[White "Papp Gellert (HUN)"]
[Black "Hever Miklos (HUN)"]
[Result "0-1"]
[WhiteElo "2241"]
[BlackElo "2243"]

1.d4 Nf6 2.c4 c5 3.d5 e6 4.Nc3 exd5 5.cxd5 d6 6.Nf3 g6 7.Nd2 Bg7 8.e4 O-O
9.Be2 Re8 10.O-O a6 11.a4 Nbd7 12.Qc2 Ne5 13.h3 g5 14.Ra3 h6 15.Nc4 Nxc4
16.Bxc4 Bd7 17.f4 g4 18.Kh2 Nh5 19.a5 g3+ 20.Kh1 Qh4 21.Be3 Bxh3 22.gxh3 Qxh3+
23.Kg1 g2 24.Qxg2 Qxe3+ 25.Kh2 Nxf4 26.Qg4 Ng6 27.Rb3 Ne5 28.Qf5 Re7 29.Be2
Ng6 30.Rf3 Qd2 31.Rf2 Be5+ 32.Kh1 Qe1+ 33.Bf1 Bxc3 34.bxc3 Rf8 35.Rg2 Kg7
36.Rb6 Rd8 37.Kh2 Rdd7 38.Bd3 Qxc3 39.Rg3 Qxa5 40.Rb2 Qc3 41.Rbg2 Qe5 42.Kh3
Kh7 43.Qg4 Qg5 44.e5 Rxe5 45.Bxg6+ Qxg6 46.Qh4 Rh5 47.Rxg6 Rxh4+ {#R} 0-1

[Event "It (cat.9)"]
[Site "masterchessopen.com - Krasnodar (Russia)"]
[Round "0"]
[White "Tregubov Pavel V (RUS)"]
[Black "Poluljahov Aleksandr (RUS)"]
[Result "1-0"]
[WhiteElo "2611"]
[BlackElo "2532"]

1.d4 Nf6 2.c4 e6 3.Nf3 c5 4.d5 d6 5.Nc3 exd5 6.cxd5 g6 7.Nd2 Bg7 8.e4 O-O
9.Be2 Re8 10.O-O Nbd7 11.f4 c4 12.Kh1 Nc5 13.e5 dxe5 14.fxe5 Rxe5 15.Nxc4 Re8
16.Bg5 h6 17.Bh4 Nce4 18.Nxe4 Rxe4 19.Bg3 Bg4 20.Bxg4 Rxg4 21.Rxf6 Rxg3
22.Rxf7 Kxf7 23.hxg3 b5 24.d6 Kg8 25.Qd5+ Kh7 26.Ne5 Qg5 27.Qxa8 Qh5+ 28.Kg1
Qxe5 29.Qxa7 Qxd6 30.Kf1 Qe5 31.Qf2 Qh5 32.Kg1 Qg4 33.Kf1 Qc4+ 34.Qe2 Qc7
35.Qxb5 Qxg3 36.Qc4 Qe5 37.Rd1 Qxb2 38.a4 Qb6 39.Qe4 Qc7 40.Rd5 {#r} 1-0

[Event "Ch Norway (team) (final)"]
[Site "masterchessopen.com - Langesund (Norway)"]
[Round "1"]
[White "Kristiansen Erling (NOR)"]
[Black "Robertsen Thomas (NOR)"]
[Result "0-1"]
[WhiteElo "2213"]
[BlackElo "2239"]

1.d4 Nf6 2.c4 c5 3.d5 e6 4.Nc3 exd5 5.cxd5 d6 6.Nf3 g6 7.e4 Bg7 8.Be2 O-O
9.O-O Re8 10.Nd2 a6 11.a4 Nbd7 12.f3 b6 13.Nc4 Ne5 14.Nxe5 Rxe5 15.f4 Re8
16.Bf3 Rb8 17.e5 Nd7 18.Ne4 dxe5 19.f5 Nf6 20.fxg6 hxg6 21.Bg5 Bf5 22.Ra3 Bxe4
23.Bxe4 Nxe4 24.Bxd8 Rbxd8 25.Qe2 Nd6 26.Qxa6 e4 27.Qe2 Nf5 28.Kh1 Rxd5 29.a5
bxa5 30.Rxa5 e3 31.Re1 Bd4 32.g3 Nd6 33.b4 Ne4 34.Qa2 Rdd8 35.Ra7 Ng5 {#R} 0-1

[Event "It (open)"]
[Site "masterchessopen.com - Milanowek (Poland)"]
[Round "1"]
[White "Checiak Krzysztof (POL)"]
[Black "Wiech Grzegorz (POL)"]
[Result "0-1"]
[WhiteElo "2098"]
[BlackElo "2329"]

1.d4 Nf6 2.c4 e6 3.Nc3 c5 4.d5 exd5 5.cxd5 d6 6.e4 g6 7.Nf3 Bg7 8.Be2 O-O
9.Nd2 Re8 10.O-O Nbd7 11.f3 Ne5 12.Nc4 Nxc4 13.Bxc4 a6 14.a4 Nd7 15.Be3 Rb8
16.Qd2 Ne5 17.Be2 Bd7 18.a5 Bc8 19.Na4 Nd7 20.Ra2 b5 21.axb6 Nxb6 22.Nc3 Bb7
23.Bf4 Qe7 24.Bd3 c4 25.Bc2 Rec8 26.Be3 Nd7 27.Na4 Re8 28.Ba7 Ra8 29.Bf2 Bc8
30.Rc1 Rb8 31.Bd1 Ne5 32.Be2 Qc7 33.f4 Bh6 34.Be3 Ng4 35.Rxc4 Qb7 36.Bb6 Qe7
37.h3 Nf6 38.Bf3 Bd7 39.Bf2 Bb5 40.Rd4 Bg7 41.Nc3 Qc7 42.Nxb5 axb5 43.Rb4 Rb7
44.Ra6 Qb8 45.Qd3 Nd7 46.Ra5 Qc7 47.Raxb5 Rxb5 48.Rxb5 Qc1+ 49.Kh2 Qxf4+
50.Bg3 Qf6 51.Qa3 Ne5 52.Qb3 h5 53.Rb6 h4 54.Bf2 Qf4+ 55.Kh1 Nd7 56.Be3 Qg3
57.Rb4 Nc5 {#R} 0-1

[Event "Ch Italy"]
[Site "masterchessopen.com - Montecatini Terme (Italy)"]
[Round "4"]
[White "Belotti Bruno (ITA)"]
[Black "Vezzosi Paolo (ITA)"]
[Result "1-0"]
[WhiteElo "2403"]
[BlackElo "2401"]

1.Nf3 Nf6 2.c4 g6 3.Nc3 Bg7 4.e4 d6 5.d4 O-O 6.Be2 c5 7.d5 e6 8.O-O exd5
9.cxd5 Re8 10.Nd2 b6 11.f3 Nh5 12.Nc4 Ba6 13.g4 Bd4+ 14.Kh1 Ng7 15.Bf4 Bxc4
16.Bxc4 a6 17.a4 Bf6 18.Qd2 Ra7 19.Rab1 Qc7 20.Qd3 Rd8 21.Bg3 h5 22.f4 Bxc3
23.bxc3 hxg4 24.f5 gxf5 25.exf5 f6 26.Rf4 Re8 27.Rxg4 Nd7 28.Rg1 Re7 29.Qd2
Nf8 30.Qh6 Qd7 31.Qxf6 Rf7 32.Qxd6 Qxf5 33.Qf4 {#r} 1-0

[Event "Memorial E.Geller (open)"]
[Site "masterchessopen.com - Moscow (Russia)"]
[Round "3"]
[White "Lugovoi Aleksei (RUS)"]
[Black "Kalugin Sergei (RUS)"]
[Result "1-0"]
[WhiteElo "2498"]
[BlackElo "2455"]

1.d4 Nf6 2.c4 c5 3.d5 e6 4.Nc3 exd5 5.cxd5 d6 6.Nf3 g6 7.Nd2 Bg7 8.e4 O-O
9.Be2 Re8 10.O-O Nbd7 11.a4 Ne5 12.Qc2 Nh5 13.Bxh5 gxh5 14.Nd1 Ng4 15.h3 Nh6
16.Ra3 f5 17.Rg3 h4 18.Rxg7+ Kxg7 19.b3 fxe4 20.Nxe4 Qe7 21.Bb2+ Kf8 22.Nf6
Bf5 23.Qd2 Nf7 24.Qf4 Bd3 25.Qg4 Bg6 26.Nxh7+ {#r} 1-0

[Event "It (open)"]
[Site "masterchessopen.com - Olomouc (Czech Republic)"]
[Round "7"]
[White "Jensen Jacob Bjerre (DEN)"]
[Black "Virostko Petr (CZE)"]
[Result "0-1"]
[WhiteElo "2194"]
[BlackElo "2313"]

1.d4 Nf6 2.Nf3 c5 3.d5 e6 4.c4 exd5 5.cxd5 d6 6.Nc3 g6 7.e4 Bg7 8.Be2 O-O
9.O-O Re8 10.Nd2 Nbd7 11.Re1 a6 12.a4 Rb8 13.Qc2 Qc7 14.Nc4 Ne5 15.Nxe5 Rxe5
16.f3 Bd7 17.Bf4 Ree8 18.g4 h5 19.g5 Nh7 20.Bf1 c4 21.Qf2 b6 22.Qg3 Qc5+
23.Kh1 Be5 24.Bxe5 dxe5 25.f4 Qe7 26.h4 b5 27.axb5 axb5 28.Ra7 Nf8 29.Bh3 b4
30.Nd1 Ra8 31.Rc7 Qd6 32.Rxc4 exf4 33.Qb3 Rab8 34.Bg2 Bg4 35.Rc6 Qe5 36.Nf2 f3
37.Bf1 Qg3 38.Qe3 Qxh4+ 39.Kg1 Re5 40.Nxg4 Qxg4+ 41.Kf2 Rxg5 42.Qxf3 Qh4+
43.Ke2 Nd7 44.Kd1 Ne5 {#R} 0-1

[Event "It (open)"]
[Site "masterchessopen.com - Pardubice (Czech Republic)"]
[Round "3"]
[White "Burmakin Vladimir (RUS)"]
[Black "Petrov Mikhail (RUS)"]
[Result "1-0"]
[WhiteElo "2586"]
[BlackElo "2260"]

1.d4 g6 2.c4 Bg7 3.Nc3 c5 4.d5 d6 5.e4 e6 6.Be2 exd5 7.cxd5 Nf6 8.Nf3 O-O
9.Nd2 Re8 10.O-O a6 11.a4 Nbd7 12.h3 h6 13.Qc2 Nh7 14.Nc4 Ne5 15.Ne3 c4
16.Nxc4 Nxc4 17.Bxc4 Qh4 18.Re1 f5 19.Qd2 g5 20.Bf1 f4 21.Qd3 Be5 22.Ne2 Nf6
23.Nd4 g4 24.Bxf4 Bxf4 25.g3 Qh5 26.gxf4 gxh3 27.f5 Qg4+ 28.Qg3 Rxe4 29.Rxe4
Qxg3+ 30.fxg3 Nxe4 31.Re1 Nxg3 32.Bxh3 Kf7 33.Bg4 h5 34.Kh2 hxg4 35.Kxg3 Bd7
36.b3 Rc8 37.Rh1 Kg7 38.Kxg4 Rc3 39.Kg5 Rg3+ 40.Kf4 Rd3 41.Ne6+ Kg8 42.Rg1+
Kh8 43.f6 Be8 44.Rg7 Bh5 45.Rxb7 {#r} 1-0